000 01088nam0a22003011 4500
001 RU\NLR\A1SV\155746
005 20251203171251.9
035 _a(NLR Aleph) 012424459
090 _a11843307
_c11843307
100 _a20201215d1926 u y0rusy50 ca
101 0 _arus
102 _aRU
181 0 _ai
_baxxe
182 0 _an
200 1 _a"Тартюф". Комедия в 5 д. Жана Батиста Мольера
_eПрограмма
_eПятый сезон, 1926-1927 г.
_fПер. В.С.Лихачева
_gМоск. гос. театр "Четвертая студия" (быывш. Студия Моск. художеств. театра)
203 _aТекст
_bвизуальный
_cнепосредственный
210 _aМ.
_cТип. М.Г.Вольпе
_d[1926]
215 _a[3] с.
_d27 см
620 _dМосква
702 1 _aЛихачев
_bВ. С.
702 1 _aМольер
_bЖ. Б.
_f1622-1673
_gЖан Батист
801 0 _aRU
_bNLR
_c20201215
899 _aРГБ
899 _aРГБ
942 _cBOOK
980 _aNB
980 _aA1SV